El significado de la frontera germano-polaca para Europa /
Uloženo v:
| Hlavní autor: | |
|---|---|
| Médium: | Text |
| Témata: | |
| Tagy: |
Přidat tag
Žádné tagy, Buďte první, kdo vytvoří štítek k tomuto záznamu!
|
MARC
| LEADER | 00000 a a2200000 04500 | ||
|---|---|---|---|
| 001 | 4165 | ||
| 003 | |||
| 040 | |||
| 090 | |a REV0229 (104) 1997 | ||
| 100 | |a Roch, Isolde | ||
| 245 | |a El significado de la frontera germano-polaca para Europa / |c Isolde Roch | ||
| 650 | |a RELACIONES INTERNACIONALES | ||
| 650 | |a ASUNTOS TERRITORIALES | ||
| 650 | |a FRONTERAS | ||
| 650 | |a SECTOR INDUSTRIAL | ||
| 650 | |a DESARROLLO INDUSTRIAL | ||
| 773 | |g número 104; páginas 55-67 | ||
| 999 | |c 24920 |d 24920 | ||
